000 01339nam a2200361 i 4500
001 000047983
003 DO-SdBNP
005 20260427133138.0
007 ta
008 090928s2011 spa 00 0 spa d
020 _a9788498950724
040 _aDO-SdBNP
_bspa
_cBNPHU
_erda
041 _aspa
082 4 _aRD861.08
_bA634p
_222
245 0 0 _aPoesía dominicana :
_bantología esencial /
_cJosé Marmol, Basilio Belliard ; prólogo, Franklin Mieses Burgos.
264 1 _aMadrid :
_bVisor Libros,
_c2011.
300 _a320 páginas ;
_c23 cm.
336 _atexto
_btxt
_2rdacontent
337 _asin mediación
_bn
_2rdamedia
338 _avolumen
_bnc
_2rdacarrier
490 _aLa estafa del viento
_avisor de poesía
_v10
590 _aInventariado, 2018/VM
650 4 _aPoesía dominicana
_xHistoria y crítica
_ySiglo XX
_923590
650 4 _aPoesía dominicana
_xColecciones
_ySiglo XX
_923763
650 4 _aAutores dominicanos
_xBiografías
_9230
650 4 _aMovimientos literarios
_ySiglo XX
_918867
650 4 _aLiteratura dominicana
_ySiglo XX
_985167
700 1 _aMármol, José,
_d1960-
_eeditor
_4ed.
_96454
700 1 _aBelliard, Basilio,
_d1966-
_eeditor
_4ed.
_923510
700 1 _aMieses Burgos, Franklin,
_eprologuista
_975499
_4pr.
830 0 _aLa estafa del viento
_pvisor de poesía
_n10
_975500
942 _2ddc
_cLBS1
999 _c47471
_d47471